000 00660nam a2200193 i 4500
001 104375
003 ES-MaACL
005 20230906183603.0
007 t|
008 051129s1965 sp ||||1| spa d
100 1 _aMillard, Nellie D.
_981171
245 1 0 _aAnatomía y fisiología humanas /
_cNellie D. Millard, Barry G. King, Mary Jane Showers; [traducción... José Mª de Corral Saleta...].
260 _aMadrid :
_bEspasa-Calpe,
_c1965.
300 _a670 p. :
_bil. ;
_c21 cm.
700 1 _aKing, Barry G.
_968049
700 1 _aShowers, Mary Jane.
_9106163
700 1 _aCorral Saleta, José María de.
_940728
852 _aES-MaACL
_jF-2005
_bR.56807
999 _c104375
_d104375